书目信息 |
| 题名: |
金兰集
|
|
| 作者: | 徐达左 辑录 ;杨镰 , 张颐青 整理 | |
| 分册: | ||
| 出版信息: | 北京 中华书局 2013.07 |
|
| 页数: | 185页 | |
| 开本: | 21cm | |
| 丛书名: | ||
| 单 册: | ||
| 中图分类: | I222.748 | |
| 科图分类: | ||
| 主题词: | 古典诗歌--诗集--中国--明代 , 古典诗歌 | |
| 电子资源: | ||
| ISBN: | 978-7-101-09225-7 | |
| 000 | 00932nam0 2200289 450 | |
| 001 | 010700148719 | |
| 005 | 20140610112556.14 | |
| 010 | @a978-7-101-09225-7@dCNY25.00 | |
| 100 | @a20130816d2013 em y0chiy0110 ea | |
| 101 | 0 | @achi |
| 102 | @aCN@b110000 | |
| 105 | @ay z 000yy | |
| 106 | @ar | |
| 200 | 1 | @a金兰集@9jin lan ji@f(明)徐达左辑录@g杨镰,张颐青整理 |
| 210 | @a北京@c中华书局@d2013.07 | |
| 215 | @a185页@d21cm | |
| 300 | @a本书出版得到崑山阳澄湖名人文化村玉山胜境有限公司资助 | |
| 330 | @a本书主要内容包括:重刻金兰集序、耕渔轩诗序、金兰集自序、耕渔轩诗后序、题耕渔轩倡酬名迹序、耕渔子传等。 | |
| 333 | @a文学爱好者 | |
| 606 | 0 | @a古典诗歌@x诗集@y中国@z明代 |
| 606 | 0 | @a古典诗歌 |
| 690 | @aI222.748@v5 | |
| 701 | 0 | @c(明)@a徐达左@9xu da zuo@4辑录 |
| 702 | 0 | @a杨镰@9yang lian@4整理 |
| 702 | 0 | @a张颐青@9zhang yi qing@4整理 |
| 801 | 0 | @aCN@b人天书店@c20130816 |
| 905 | @b846064-68@dI222.748@e544@f5 | |
| 金兰集/(明)徐达左辑录/杨镰,张颐青整理.-北京:中华书局,2013.07 |
| 185页;21cm |
| 本书出版得到崑山阳澄湖名人文化村玉山胜境有限公司资助.-使用对象:文学爱好者 |
| ISBN 978-7-101-09225-7:CNY25.00 |
| 本书主要内容包括:重刻金兰集序、耕渔轩诗序、金兰集自序、耕渔轩诗后序、题耕渔轩倡酬名迹序、耕渔子传等。 |
| ● |
| 相关链接 |
|
|
|
|
正题名:金兰集
索取号:I222.748/544
 
预约/预借
| 序号 | 登录号 | 条形码 | 馆藏地/架位号 | 状态 | 备注 |
| 1 | 846064 | 208460645 | 第一样本阅览室/ [索取号:I222.748/544] | 在馆 | |
| 2 | 846065 | 208460654 | 第二借阅区/ [索取号:I222.748/544] | 在馆 | |
| 3 | 846066 | 208460663 | 第二借阅区/ [索取号:I222.748/544] | 在馆 | |
| 4 | 846067 | 208460672 | 第二借阅区/ [索取号:I222.748/544] | 在馆 | |
| 5 | 846068 | 208460681 | 第二借阅区/ [索取号:I222.748/544] | 在馆 |